| 000 | 01231nam a22001697a 4500 | ||
|---|---|---|---|
| 008 | 140820b xxu||||| |||| 00| 0 eng d | ||
| 020 | _a0385254490 | ||
| 050 | _aKE3648.R69 | ||
| 100 | _aRozovsky, Lorne E. | ||
| 245 |
_aThe Canadian patient's book of rights: a consumer's guide to Canadian health law. / _cLorne E. Rozovsky |
||
| 260 |
_aToronto: _bDoubleday Canada Limited, _c1994. |
||
| 300 |
_axi,242p.: _c22cm. |
||
| 500 | _aInclude index and appendix. | ||
| 505 | _aContents: Part 1: The Right to health care -- The Right to a doctor of one's choice -- Alternative health care -- Consent to treatment -- Negligence and standards of care -- Who is responsible for whom? -- Treatment of children -- The Patient's property -- Patient records, access and confidentiality -- Can a doctor have sex with a patient? -- Hospital insurance and medicare -- Drug stores -- Part 2: Abortion -- Sterilization -- Having a baby by technology -- Circumcision -- AIDS as a communicable disease -- Mental illness -- Research on patients -- Part 3: What is the law? -- To Whom do you complain and how? -- Why don't patients sue? -- Dying and death -- After you've gone -- Additional Reading -- Appendices | ||
| 650 | _aLaw. | ||
| 942 |
_2lcc _cBK |
||
| 999 |
_c3588 _d11088 |
||